00895nam a2200229 a 4500001001000000003000500010005001700015008004100032010001100073011001100084040000900095100002900104245012900133260004100262500006000303502008700363650003100450650004200481650004200523650003000565856007000595000113625CHAP20220329144404.0170830s2017 mx a fsm |||||||spa d a110086 a111058 cCHAP1 aLópez García, Brenda10aArbustos :h[En línea]buna forma de vida en las zonas áridas y semiáridas de México /cpor Brenda López García. aChapingo, Méx. :bEl autor,c2017. aPara ver el contenido del material haga clic en la liga aTesis (Ing. en Restauración Forestal) -- UACH. División de Ciencias Forestales14aArbustosxClasificación.14aArbustosxFisiología y morfología14aArbustosxIdentificaciónzMéxico.14aArbustosxRegiones aridas aFinding aiduhttp://10.13.5.2/tesis/sist113525.pdfzTeclea aquí